00486nam a2200193Ia 4500003000400000005001700004008004100021020002200062040000700084041000800091082001500099100002600114245004200140260003500182300001800217365001400235650001400249650002900263OSt20230516150753.0210423s2013 xx 000 0 und d a978-93-5084-272-0 cAL aeng a338.9 BHAE aBHAGAT (Reeta Kumari) aEconomics of development and change aNew DelhibCentrum Pressc2013 aviii,272pbHB b3000cINR aEconomics aEconomics of Development